Trénink paměti a kreativity 2 : Testy a hlavolamy pro zvýšení výkonnosti vašeho mozku

Gespeichert in:
Bibliographische Detailangaben
Hauptverfasser: Carter, Philip (Verfasst von), Russell, Ken (Verfasst von)
Format: Buch
Sprache:Tschechisch
Veröffentlicht: Brno : Computer Press, 2004
Ausgabe:1. vyd.
Schlagworte:
Tags: Tag hinzufügen
Keine Tags, Fügen Sie das erste Tag hinzu!

MARC

LEADER 00000nam a22000003a 4500
001 stu92177
005 20150617225621.1
008 041223s2004----xr------------------cze-d
020 |a 80-251-0327-7 
040 |a STU  |b slo 
041 0 |a cze 
044 |a xr 
080 |a 159.953  |7 stu_us_auth*stu7228 
100 1 |a Carter, Philip  |4 aut 
245 1 |a Trénink paměti a kreativity 2 :  |b Testy a hlavolamy pro zvýšení výkonnosti vašeho mozku 
250 |a 1. vyd. 
260 |a Brno :  |b Computer Press,  |c 2004 
300 |a 188 s 
650 7 |a pamäť  |2 stusub 
650 7 |a kreativita  |2 stusub 
650 7 |a myslenie tvorivé  |2 stusub 
700 1 |a Russell, Ken  |4 aut 
996 |b 284M042977  |c M*10999/2-1  |l MMKN  |s A  |a 24  |w stu92177_0001